| 000 | 00874cam a22002654a 4500 | ||
|---|---|---|---|
| 008 | |||
| 020 | _a9780323057271 (pbk.) | ||
| 049 | _aMAIN | ||
| 090 |
_aRC735.D47 _bJAR |
||
| 100 | 1 | _aJardins, Terry Des. | |
| 245 | 1 | 0 |
_aClinical manifestations and assessment of respiratory disease / _cTerry Des Jardins [and] George G. Burton. |
| 250 | _a6th ed. | ||
| 260 |
_aMaryland Heights : _bMosby/Elsevier, _c2011. |
||
| 300 |
_axviii, 572 p. : _bill. (some col.) ; _c28 cm. |
||
| 500 | _aIncludes index. | ||
| 504 | _aIncludes bibliographical references. | ||
| 650 | 0 |
_aRespiratory organs _xDiseases. |
|
| 650 | 0 |
_aRespiratory organs _xDiseases _xDiagnosis. |
|
| 700 | 1 | _aBurton, George G. | |
| 907 |
_a.b10364043 _b25-11-15 _c28-10-15 |
||
| 003 | |||
| 005 | 20230123122159.0 | ||
| 040 | _cNUST | ||
| 942 |
_cBOOKS _kRC735.D47 _mJAR |
||
| 999 |
_c129211 _d129211 |
||